Motivating students for lifelong learning [what works in innovation in education]

Salvato in:
Dettagli Bibliografici
Ente Autore: Centre for Educational Research and Innovation (OECD)
Natura: Libro
Lingua:inglese
Pubblicazione: Paris OECD 2000
Serie:Education and skills
Soggetti:
Tags: Aggiungi Tag
Nessun Tag, puoi essere il primo ad aggiungerne!!

MARC

LEADER 00000nam a2200000 4500
001 c122629
005 20221221084511.4
020 |a 92-64-17193-2 
041 0 |a eng 
044 |a FR 
245 1 0 |a Motivating students for lifelong learning  |b [what works in innovation in education] 
264 1 |a Paris  |b OECD  |c 2000 
300 |a 198 s. 
490 1 |a Education and skills 
830 0 |a Education and skills 
610 2 0 |a vzdelanie 
610 2 0 |a vzdelávanie ďalšie 
610 2 0 |a školy 
610 2 0 |a študenti 
610 2 0 |a motivácia 
610 2 0 |a programy študijné 
610 2 0 |a porovnanie medzinárodné 
610 2 0 |a Dánsko 
610 2 0 |a Fínsko 
610 2 0 |a Island 
610 2 0 |a Írsko 
610 2 0 |a Japonsko 
610 2 0 |a Južná Kórea 
610 2 0 |a Nórsko 
610 2 0 |a Veľká Británia 
610 2 0 |a OECD 
710 2 |a Centre for Educational Research and Innovation (OECD)